|
|
|
|
| LEADER |
01591nam a2200301 a 4500 |
| 001 |
16224831 |
| 008 |
120426s2011 njua 001 0 eng d |
| 010 |
|
|
|a 2010017618
|
| 020 |
|
|
|a 9780131387683 (pbk. : alk. paper)
|
| 020 |
|
|
|a 0131387685
|
| 040 |
|
|
|a DLC
|c DLC
|d DLC
|d BD-DhAAL
|
| 082 |
0 |
0 |
|a 005.2/75
|2 22
|
| 100 |
1 |
|
|a Sanders, Jason.
|
| 245 |
1 |
0 |
|a CUDA by example :
|b an introduction to general-purpose GPU programming /
|c Jason Sanders, Edward Kandrot.
|
| 260 |
|
|
|a Upper Saddle River, NJ :
|b Addison-Wesley,
|c 2011.
|
| 300 |
|
|
|a xix, 290 p. :
|b ill. ;
|c 23 cm.
|
| 500 |
|
|
|a Includes index.
|
| 505 |
0 |
|
|a Why CUDA? why now? -- Getting started -- Introduction to CUDA C -- Parallel programming in CUDA C -- Thread cooperation -- Constant memory and events -- Texture memory -- Graphics interoperability -- Atomics -- Streams -- CUDA C on multiple GPUs -- The final countdown -- Appendix A : advanced atomics.
|
| 541 |
1 |
|
|e 00025050
|
| 650 |
|
0 |
|a Application software
|x Development.
|
| 650 |
|
0 |
|a Computer architecture.
|
| 650 |
|
0 |
|a Parallel programming (Computer science)
|
| 700 |
1 |
|
|a Kandrot, Edward.
|
| 852 |
1 |
|
|a Ayesha Abed Library
|j General shelf
|
| 942 |
0 |
0 |
|0 2
|
| 999 |
|
|
|c 12129
|d 12129
|
| 952 |
|
|
|0 0
|1 0
|4 0
|6 005_275000000000000_SAN
|7 0
|9 20116
|a BRACUL
|b BRACUL
|c GEN
|d 2012-04-26
|e Parama
|g 2739.32
|l 12
|m 142
|o 005.275 SAN
|p 3010025050
|q 2026-05-20
|r 2025-11-15
|s 2025-11-15
|t 1
|w 2012-04-28
|y BK
|
| 952 |
|
|
|0 0
|1 0
|2 ddc
|4 0
|6 005_275000000000000_SAN
|7 0
|9 22562
|a BRACUL
|b BRACUL
|c GEN
|d 2013-05-30
|e Parama Publishers
|g 2739.00
|l 15
|m 146
|o 005.275 SAN
|p 3010027087
|r 2026-03-30
|s 2026-02-22
|t 2
|w 2013-05-30
|y BK
|